000 00586nam a2200193 4500
001 144856
003 ES-MaACL
005 20250814063243.0
007 t|
008 070214s1972 sp r ||||1| cat d
100 1 _aSimenon, Georges,
_d1903-1989
_9106467
245 1 3 _aEl port de les boires /
_cGeorges Simenon ; traducció de Carmen Vilaginés.
250 _a1ª. ed.
260 _aBarcelona :
_bEdicions 62,
_c1972.
300 _a172 p. :
_bil. ;
_c20 cm.
700 1 _aVilaginés, Carme.
_9114761
852 _aES-MaACL
_jC-48070
_bR.81206
999 _c144856
_d144856